000 01106nam a22003377a 4500
003 CHAP
005 20220817041754.0
008 971013s1942 r 00010 d
010 _a23958
011 _a24930
035 _a29030
040 _cCHAP
082 _a634.61
_bI23t
100 0 0 _aIbarra, David S.
_957205
245 _aTres cultivos de importancia económica para Campeche
260 _aCampeche :
_bConsejo Mixto de Economía Regional,
_c1942
300 _a245 p.
_b: ilus
505 _aContenido: El cocotero. El Arroz. La Caña de azúcar
590 _aBATCH-UPD
_b10
_c20130110
_lUCH01
_h1006
590 _aBATCH-UPD
_b10
_c20130410
_lUCH01
_h0616
590 _aBATCH-UPD
_b10
_c20130913
_lUCH01
_h2025
590 _aCONVERSION
_b10
_c20130109
_lUCH01
_h1314
650 1 4 _aAgricultura
_xCampeche.
_91350
650 1 4 _aArroz.
_97554
650 1 4 _aCaña de azúcar.
650 1 4 _aCoco.
_924234
901 _aBK
942 _cLIBRO
949 _a634.61 I23t
_bBC
_cLIBRO
_d33724000224366
_eLIBRO
_fc.2
_h23313
_i29030
_si
949 _a634.61 I23t
_bBC
_cLIBRO
_d33724002252876
_eLIBRO
_h23312
_i29030
_si
999 _c23958
_d23958